| 000 | 00415nab a2200145Ia 4500 | ||
|---|---|---|---|
| 003 | ES-SlBCS | ||
| 005 | 20210601124258.0 | ||
| 008 | 140529s1955 xxu||||| |||| 00| 0 eng d | ||
| 041 | _aeng | ||
| 100 | 1 |
_aDonahue, Matthew _9138984 |
|
| 245 | 0 | 4 |
_aThe New Priest and his Mass _c Matthew Donahue |
| 650 | 0 | 4 |
_aOración-Misa _9139005 |
| 773 | 0 |
_tDominicana _gvol. 40, nº. 2, 1955, págs. 121-133 _wRev1398 |
|
| 942 | _cAR | ||
| 999 |
_c512218 _d512218 |
||